Peruntakaip peṇṭir. (Record no. 84680)

MARC details
000 -LEADER
fixed length control field 00551cam a22002171 4500
001 - CONTROL NUMBER
control field sa 68012691
003 - CONTROL NUMBER IDENTIFIER
control field DLC
005 - DATE AND TIME OF LATEST TRANSACTION
control field 20260227112613.0
008 - FIXED-LENGTH DATA ELEMENTS--GENERAL INFORMATION
fixed length control field 900123s1966 ii 000 0 tamo
010 ## - LIBRARY OF CONGRESS CONTROL NUMBER
LC control number sa 68012691
035 ## - SYSTEM CONTROL NUMBER
System control number (OCoLC)20946979
040 ## - CATALOGING SOURCE
Original cataloging agency DLC
Transcribing agency WaU
Modifying agency DLC
050 00 - LIBRARY OF CONGRESS CALL NUMBER
Classification number PL4758.05
Item number .D8 1966
100 1# - MAIN ENTRY--PERSONAL NAME
Personal name Turaicāmip Piḷḷai, Auvai Cu.,
Dates associated with a name 1902-1981.
245 10 - TITLE STATEMENT
Title Peruntakaip peṇṭir.
260 ## - PUBLICATION, DISTRIBUTION, ETC.
Date of publication, distribution, etc. [1966]
300 ## - PHYSICAL DESCRIPTION
Extent 134 p.
Dimensions 18 cm.
500 ## - GENERAL NOTE
General note In Tamil.
650 #0 - SUBJECT ADDED ENTRY--TOPICAL TERM
Topical term or geographic name entry element Women authors.
650 #0 - SUBJECT ADDED ENTRY--TOPICAL TERM
Topical term or geographic name entry element Authors, Tamil.

No items available.

Powered by Koha